00726cam a22002413a 45000010005000000030006000050050017000110080041000280400015000690420007000840500007000911000026000982450066001242600029001905000025002195060030002445160020002746530047002946530048003417000026003898300028004158560041004432822PGUSA20140828083022.0010901s2001||||xxu|||||s|||||000 | eng d aPGUSAbeng adc 4aDA1 aGonzales, Manoel, Don10aLondon in 1731h[electronic resource] /cManoel, Don Gonzales bProject Gutenberg,c2001 aAttributed to Defoe. aPublic domain in the USA. aElectronic text aLondon (England) -- Description and travel aLondon (England) -- History -- 18th century1 aDefoe, Daniel,d-1731 0aProject Gutenbergv282240uhttp://www.gutenberg.org/ebooks/2822